| 000 | 01338nam a2200313 i 4500 | ||
|---|---|---|---|
| 003 | EG-GICUC | ||
| 005 | 20260121101718.0 | ||
| 008 | 260112s1983 ua ||||f |||| 00| 0 ara d | ||
| 017 | _a1983/2424 | ||
| 040 |
_a EG-GICUC _bara _c EG-GICUC _d EG-GICUC _erda |
||
| 041 | _aara | ||
| 082 | 0 | 4 |
_221 _a345.6412044 _bم ح . ر |
| 092 | 0 | 4 | _221 |
| 099 | _aLaw1 07 345.6412044 م ح . ر 1983 | ||
| 100 | 0 |
_aمحمد حسنين عبد العال _eمؤلف. |
|
| 245 | 1 | 0 |
_aرقابة مجلس الدولة لقرارات الضبط الإداري الصادرة بالتطبيق للمادة 16 من الدستور الفرنسي والمادة 74 من الدستور المصري : _bدراسة تحليلية لأحكام القضاء / _cالدكتور محمد حسنين عبد العال . |
| 264 | 1 |
_aالقاهرة : _bدار النهضة العربية ، _c1983 . |
|
| 300 |
_a97 ؛ صفحة _c24 سم |
||
| 336 |
_2rda content _atext |
||
| 337 |
_2rda media _aComputer |
||
| 338 |
_2rda carrier _aOnline Resource |
||
| 504 | _aيشتمل على إرجاعات ببليوجرافية | ||
| 650 | 1 | 4 |
_aلوائح الضبط _2qrmak _zفرنسا |
| 650 | 1 | 4 |
_aالقانون الإداري _zمصر |
| 651 | 1 | _2qrmak | |
| 856 | 4 | 0 | _uhttps://fll.law.cu.edu.eg/fulltext/bks/B07-02331.pdf |
| 905 | _a61 | ||
| 942 |
_2ddc _cBK _e21 _n0 |
||
| 999 |
_c56474 _d56474 |
||